000
00254nam a2200097Ia 4500
008
240331s9999 xx 000 0 und d
082
_b
SNA
100
_a
Feminast review. ed
245
0
_a
Snakes and ladders :
_b
reviewing feminism at century's end
942
_c
L
999
_c
1640
_d
1640